000 00333nam a22001337a 4500
020 _qPB.
040 _cFIZZA ISHAQ
082 _a625.7
_bDEN
100 _aWEIDONG,DENG.
_991611
245 _aHIGHWAY LANDSCAPE PLANNING AND CONSTRUCTION /
_c DENG WEIDONG.
260 _aS.K.KATARIA ;
_c2019.
300 _a174 P. ;
942 _2ddc
_cBK
999 _c589741
_d589741